| 000 | 00620nam a2200169 a 4500 | ||
|---|---|---|---|
| 008 | 150824s1993 ||||||||||||||||| || u | ||
| 020 | _a9780801664656 | ||
| 050 | _aQP 34.5 Phy | ||
| 100 | _aBerne, Robert M | ||
| 245 | 1 | 0 |
_aPhysiology. (3rd ed.) _cedited by Robert M. Berne and Matthew N. Levy |
| 250 | _a3rd ed. | ||
| 260 |
_aSt. Louis _bMosby _c1993 |
||
| 300 | _axiv, 1071p. :ill. | ||
| 350 | _a0.71 | ||
| 650 | _aPHYSIOLOGY | ||
| 995 |
_aMICHAEL CHILUFYA SATA OPEN ACCESS _e903072 _FCBU-SCHOOL OF MEDICINE LIBRARY (Ndola) _I0.71 _jQP 34.5 Phy _M1 _UAVAILABLE _WSep 7, 2015 _y903072 _ZMedical Library Open Access Collection |
||
| 999 |
_c32385 _d32385 |
||